| 000 | 00326nam a22001217a 4500 | ||
|---|---|---|---|
| 082 | _a669.1 SOU | ||
| 100 |
_aPDF _956879 |
||
| 245 | _aSOURCE BOOK ON STAINLESS STEELS | ||
| 260 |
_aUSA _bASM _c1977 |
||
| 300 | _a406P | ||
| 650 |
_aSHEET STEEL ADDRESSES ESSAYS LECTURES STRUCTURE ADDRESSES ESSAYS LECTURES _976755 |
||
| 942 | _cBK | ||
| 999 |
_c582092 _d582092 |
||